Arabic Vocab - Most Frequent 401-500 - Random - Statistics

General Stats
  • This quiz has been taken 104 times
  • The average score is 11 of 25
Answer Stats
Hint Answer % Correct
مَوت death
100%
رائع fantastic/amazing
100%
جَيَّد good
100%
حَبّ love/like/want
100%
وَسَط middle/center
100%
صَباح morning
100%
صَلَّى pray/worship
100%
دُنيا world
100%
رِسالة letter/message
88%
بِداية beginning/start
86%
لَون color
86%
قَديم old/ancient
83%
شارع street
83%
أَين where
83%
تَمام complete/good/fine
80%
صِحَّة health/wellness
80%
لُغَة language
75%
وين where
75%
وَقَف stop/cease
73%
ذَهَب go/depart
71%
خَط line
70%
دَرَجة degree/grade/level
67%
نار fire/gunfire
67%
مَرَض illness/disease
67%
آخِر last/final
67%
طَريقة method/way
67%
أَهَمّ more important/most important
67%
قَريب near/close
67%
لاعِب player/athlete
67%
جَنوب south
67%
زَوج spouse/husband
67%
قِصَّة story
67%
زَوجة wife
67%
فِكرة idea/concept/notion
63%
لازِم necessary/required/must/need/have to
63%
اِنتِخاب election
60%
مَعلومة information/data
60%
دَقيقة minute
60%
قَوي strong/powerful
60%
مَلِك king
57%
سَعودي Saudi
57%
واضِح clear/explicit/obvious
50%
نادي club/association
50%
تَرَك leave/quit/abandon
50%
صَحيفة newspaper
50%
قادِم next/following/future
50%
تَحَدَّث talk/speak/discuss
50%
زيارة visiting/visit
50%
سَوف will/shall
50%
تَمَنّى wish/hope
50%
مَعنى meaning
44%
دَعا call/invite
43%
حَسَب according
40%
فُرصة chance/opportunity
40%
لَحظة moment/instant
40%
طَلَب request/ask
40%
اِعتَقَد believe
33%
اِتَّصال contact/communication
33%
فَعَل do
33%
مَوجود existing/found/located
33%
مُباراة game/match
33%
لِ in order to/so
33%
مَصلَحة interest/advantage/department
33%
عَرض show/display
33%
هؤُلاء these
33%
قَلّ decrease/diminish
25%
تَنفيذ execution/implementation
25%
أَعلى higher/highest
25%
أَقَل less/least/smaller/smallest
25%
خُصوص matter/issue/regard/respect
25%
مُمكِن possible
25%
مَصدَر source
25%
إيه what
25%
عَديد large number/numerous/many
22%
تَعاون cooperation
20%
حِوار discussion/conversation
20%
أساس base/basic
17%
بَلَغ reach/arrive
17%
دَعم support/assistance
17%
قيمة value/worth
17%
مادَّة substance/material
14%
أَدَّى cause/produce
13%
هَيئة agency/organization
0%
أَعلَن announce/declare
0%
بُدّ avoidance/escape
0%
إجراء conducting/undertaking
0%
تَعالى exalted
0%
تال following/subsequent
0%
حَصَل get/obtain/acquire
0%
حَدَث happen/occur
0%
دَرَى know/aware
0%
نَظَم look/examine
0%
اِجتِماع meeting/gathering
0%
نُقطة point/dot
0%
سِعر price/cost
0%
إِنَّما rather/contrary
0%
رَدّ response/reply
0%
إِذ since/while
0%
لِذلِك therefore/thus
0%
وَقَع to fall/happen
0%
No matching quizzes found
Score Distribution
Percent of People with Each Score
Percentile by Number Answered
Your Score History
You have not taken this quiz